[Event "LSS CP-2009-P-00041"]
[Site "LSS email"]
[Date "2009.09.27"]
[Round "?"]
[White "Petters Merino, Oscar Augusto"]
[Black "Bonehill, Andrew J"]
[Result "1-0"]
[WhiteElo "2617"]
[BlackElo "2270"]
[PlyCount "81"]
[EventDate "2009.10.01"]
[EventType "tourn (corr)"]
[EventRounds "6"]
[EventCountry "GER"]
[SourceTitle "Telechess CBM 137"]
[Source "ChessBase"]
[SourceDate "2010.07.15"]
[SourceVersion "1"]
[SourceVersionDate "2010.07.15"]
[SourceQuality "1"]

1. d4 c6 2. e4 d5 3. exd5 cxd5 4. c3 Bf5 5. Qb3 Qd7 6. Nf3 Nc6 7. Bb5 f6 8. 0-0 a6 9. Be2 g5 10. Ne1 e6 11. Nd3 0-0-0 12. Nd2 Qc7 13. Re1 Bd6 14. Nf1 h5 15. Nc5 Bxc5 16. dxc5 Nge7 17. Be3 g4 18. Ng3 Bg6 19. Rac1 Ne5 20. Qb6 Qxb6 21. cxb6 h4 22. Nf1 Bd3 23. Bd1 Be4 24. Nd2 N7c6 25. Be2 Nd3 26. Bxd3 Bxd3 27. Bc5 e5 28. Re3 Bf5 29. f3 Rhg8 30. fxg4 Rxg4 31. Rf1 Rdg8 32. Rf2 Bd7 33. h3 R4g6 34. Nf3 Rh6 35. Kh2 Nd8 36. Re1 Ne6 37. Be3 Rh5 38. Rd2 Bc6 39. Bf2 Ng5 40. Nxg5 Rgxg5 41. Ree2 1-0

[Event "LSS PY-2009-0-00001"]
[Site "LSS email"]
[Date "2009.07.26"]
[Round "?"]
[White "Schild, Reinhard"]
[Black "Bonehill, Andrew J"]
[Result "1/2-1/2"]
[WhiteElo "2052"]
[BlackElo "2329"]
[PlyCount "49"]
[EventDate "2009.02.01"]
[EventType "tourn (corr)"]
[EventRounds "6"]
[EventCountry "GER"]
[SourceTitle "Corr 2011"]
[Source "ChessBase"]
[SourceDate "2010.08.31"]
[SourceVersion "1"]
[SourceVersionDate "2010.08.31"]
[SourceQuality "1"]

1. e4 e6 2. d4 d5 3. Nd2 c5 4. exd5 Qxd5 5. Ngf3 cxd4 6. Bc4 Qd6 7. 0-0 Nc6 8. Nb3 Nf6 9. Nbxd4 Nxd4 10. Nxd4 a6 11. Bb3 Be7 12. c3 0-0 13. Qf3 Qc7 14. h3 e5 15. Nf5 Bd8 16. Bc2 Re8 17. Ng3 Bd7 18. Ne4 Bc6 19. Rd1 Re6 20. Bg5 Bxe4 21. Bxe4 Nxe4 22. Rxd8+ Rxd8 23. Bxd8 Qxd8 24. Qxe4 g6 25. Qxb7 1/2-1/2

[Event "LSS OP-2009-0-00859"]
[Site "LSS email"]
[Date "2009.05.27"]
[Round "?"]
[White "Arango Marin, Sixto Gregorio"]
[Black "Bonehill, Andrew J"]
[Result "0-1"]
[WhiteElo "851"]
[BlackElo "2270"]
[PlyCount "28"]
[EventDate "2009.05.23"]
[EventType "tourn (corr)"]
[EventRounds "4"]
[EventCountry "GER"]
[SourceTitle "Corr 2015"]
[Source "ChessBase"]
[SourceDate "2015.07.17"]
[SourceVersion "1"]
[SourceVersionDate "2015.07.17"]
[SourceQuality "1"]

1. e4 e6 2. d4 d5 3. exd5 exd5 4. Qe2+ Be7 5. Nf3 Nf6 6. Nc3 0-0 7. Be3 Bb4 8. a3 Bxc3+ 9. bxc3 c5 10. dxc5 Qa5 11. Bd4 Re8 12. Ne5 Nc6 13. Qd3 Nxe5 14. Qd1 Nf3# 0-1

[Event "LSS OP-2009-0-00859"]
[Site "LSS email"]
[Date "2009.05.27"]
[Round "?"]
[White "Bonehill, Andrew J"]
[Black "Busch, Karl"]
[Result "1-0"]
[WhiteElo "2332"]
[BlackElo "2112"]
[PlyCount "101"]
[EventDate "2009.05.23"]
[EventType "tourn (corr)"]
[EventRounds "4"]
[EventCountry "GER"]
[SourceTitle "Telechess CBM 137"]
[Source "ChessBase"]
[SourceDate "2010.07.15"]
[SourceVersion "1"]
[SourceVersionDate "2010.07.15"]
[SourceQuality "1"]

1. c4 e5 2. Nc3 Nc6 3. Nf3 Nf6 4. g3 d5 5. cxd5 Nxd5 6. Bg2 Nb6 7. 0-0 Be7 8. b3 0-0 9. d3 Be6 10. Bb2 f6 11. Rc1 Qd7 12. Ne4 Rfd8 13. Qc2 Rac8 14. Nc5 Bxc5 15. Qxc5 Bh3 16. Nd2 Bxg2 17. Kxg2 Qd5+ 18. Qxd5+ Nxd5 19. Rc4 Nb6 20. Rc2 Nd4 21. Bxd4 Rxd4 22. a3 f5 23. b4 c6 24. Nb3 Rd6 25. Rfc1 Nd5 26. b5 Ne7 27. Rc5 Ng6 28. h4 h5 29. Nd2 e4 30. Rxf5 exd3 31. bxc6 b6 32. Ne4 d2 33. Rd1 Re6 34. f3 Ne5 35. Rxd2 g6 36. Ng5 gxf5 37. Nxe6 Rxc6 38. Nf4 Rc5 39. Rd8+ Kf7 40. Rh8 Ng6 41. Rxh5 Nxf4+ 42. gxf4 Kf6 43. e4 Rc2+ 44. Kg3 fxe4 45. fxe4 Rc3+ 46. Kg4 Rxa3 47. e5+ Ke6 48. Rh6+ Kd7 49. f5 Ra4+ 50. Kg5 Ra2 51. Kf6 1-0

[Event "LSS PY-2009-0-00001"]
[Site "LSS email"]
[Date "2009.05.27"]
[Round "?"]
[White "Bonehill, Andrew J"]
[Black "Ong, Allan C"]
[Result "1-0"]
[WhiteElo "2360"]
[BlackElo "736"]
[PlyCount "37"]
[EventDate "2009.02.01"]
[EventType "tourn (corr)"]
[EventRounds "6"]
[EventCountry "GER"]
[SourceTitle "Corr 2011"]
[Source "ChessBase"]
[SourceDate "2010.08.31"]
[SourceVersion "1"]
[SourceVersionDate "2010.08.31"]
[SourceQuality "1"]

1. c4 f5 2. Nc3 Nf6 3. Nf3 e6 4. g3 d5 5. d4 c6 6. Bg2 Bd6 7. 0-0 0-0 8. Qd3 Nbd7 9. cxd5 exd5 10. Qxf5 Ne5 11. Qc2 Ng6 12. e4 Bc7 13. e5 Ng4 14. h3 Nxf2 15. Rxf2 Bf5 16. Qb3 Bb6 17. Kh2 a5 18. Bg5 Qd7 19. Qxb6 1-0

[Event "LSS ST-2009-0-00049"]
[Site "LSS email"]
[Date "2009.05.22"]
[Round "?"]
[White "Bonehill, Andrew J"]
[Black "Kireev, Sergey Ivanovich"]
[Result "1/2-1/2"]
[WhiteElo "2360"]
[BlackElo "2281"]
[PlyCount "87"]
[EventDate "2009.03.09"]
[EventType "tourn (corr)"]
[EventRounds "6"]
[EventCountry "GER"]
[SourceTitle "Corr 2011"]
[Source "ChessBase"]
[SourceDate "2010.08.31"]
[SourceVersion "1"]
[SourceVersionDate "2010.08.31"]
[SourceQuality "1"]

1. Nf3 Nf6 2. c4 c6 3. Nc3 d5 4. d4 e6 5. Bg5 dxc4 6. e4 b5 7. e5 h6 8. Bh4 g5 9. Nxg5 hxg5 10. Bxg5 Nbd7 11. g3 Bb7 12. Bg2 Qb6 13. exf6 0-0-0 14. 0-0 Ne5 15. dxe5 Rxd1 16. Raxd1 c5 17. Bxb7+ Qxb7 18. Rfe1 Qa6 19. Ne4 Qxa2 20. Ra1 Qxb2 21. Rxa7 c3 22. Rxf7 c2 23. Nd6+ Bxd6 24. exd6 Qc3 25. Rf1 b4 26. Rc7+ Kb8 27. Re7 b3 28. f7 Kc8 29. Re8+ Kd7 30. Rg8 Qf3 31. Rxh8 Qxf7 32. Rd8+ Kc6 33. Rb8 Qf3 34. Rb6+ Kd7 35. Bf4 Qd5 36. h4 c4 37. h5 Qxh5 38. Rb7+ Kd8 39. Be3 Qd5 40. Bb6+ Kc8 41. Rc7+ Kb8 42. Ba7+ Ka8 43. d7 Qd6 44. Bb6 1/2-1/2

[Event "LSS ST-2009-0-00049"]
[Site "LSS email"]
[Date "2009.05.22"]
[Round "?"]
[White "Bonehill, Andrew J"]
[Black "Noble, Mark Frederick"]
[Result "1/2-1/2"]
[WhiteElo "2360"]
[BlackElo "2422"]
[PlyCount "40"]
[EventDate "2009.03.09"]
[EventType "tourn (corr)"]
[EventRounds "6"]
[EventCountry "GER"]
[SourceTitle "Corr 2011"]
[Source "ChessBase"]
[SourceDate "2010.08.31"]
[SourceVersion "1"]
[SourceVersionDate "2010.08.31"]
[SourceQuality "1"]

1. Nf3 d5 2. c4 c6 3. e3 Nf6 4. d4 Bf5 5. Nc3 e6 6. Bd3 Bxd3 7. Qxd3 Nbd7 8. 0-0 Bb4 9. Bd2 a5 10. a3 Be7 11. Rfe1 0-0 12. e4 dxe4 13. Nxe4 Nxe4 14. Qxe4 Qb6 15. Rad1 Qb3 16. Qe2 Rfe8 17. Bg5 Bxg5 18. Nxg5 Nf6 19. Nf3 Nd7 20. Rc1 Red8 1/2-1/2

[Event "LSS BI-2009-P-00008"]
[Site "LSS email"]
[Date "2009.04.19"]
[Round "?"]
[White "Hrubaru, Mircea"]
[Black "Bonehill, Andrew J"]
[Result "0-1"]
[WhiteElo "1985"]
[BlackElo "2342"]
[PlyCount "110"]
[EventDate "2009.04.20"]
[EventType "tourn (corr)"]
[EventRounds "10"]
[EventCountry "GER"]
[SourceTitle "Corr 2011"]
[Source "ChessBase"]
[SourceDate "2010.08.31"]
[SourceVersion "1"]
[SourceVersionDate "2010.08.31"]
[SourceQuality "1"]

1. e4 e6 2. d4 d5 3. Nc3 Nf6 4. e5 Nfd7 5. f4 c5 6. Nf3 Nc6 7. Be3 a6 8. Qd2 b5 9. dxc5 Bxc5 10. Bxc5 Nxc5 11. Qf2 Qb6 12. Bd3 b4 13. Ne2 a5 14. 0-0 0-0 15. Ned4 Nxd4 16. Nxd4 a4 17. Rad1 a3 18. Nb3 Nd7 19. Qxb6 Nxb6 20. bxa3 Rxa3 21. Nd4 Ba6 22. Nc6 g6 23. Bxa6 Rxa6 24. Nxb4 Ra4 25. Rb1 Nc4 26. Rfd1 Kg7 27. Kf2 Rb8 28. c3 Rc8 29. Ke2 f6 30. exf6+ Kxf6 31. Rdc1 Nd6 32. Rc2 h5 33. Rb3 Ne4 34. g3 g5 35. Nd3 Rca8 36. a3 Rxa3 37. Rxa3 Rxa3 38. fxg5+ Nxg5 39. Nf4 Ne4 40. Kd3 Kf5 41. Nxh5 e5 42. Ng7+ Kg4 43. Ne6 Ra4 44. Nc7 Kf3 45. Ne6 Ra1 46. Rb2 Re1 47. Kc2 Re2+ 48. Kb3 Re3 49. Kb4 Rxc3 50. Ng5+ Ke3 51. Nxe4 Rc4+ 52. Kb5 Rxe4 53. Rb3+ Kd2 54. h4 Rc4 55. Rb2+ Kc1 0-1

[Event "LSS BI-2009-P-00008"]
[Site "LSS email"]
[Date "2009.04.19"]
[Round "?"]
[White "Van Rooijen, Peter"]
[Black "Bonehill, Andrew J"]
[Result "0-1"]
[WhiteElo "1811"]
[BlackElo "2342"]
[PlyCount "112"]
[EventDate "2009.04.20"]
[EventType "tourn (corr)"]
[EventRounds "10"]
[EventCountry "GER"]
[SourceTitle "Corr 2011"]
[Source "ChessBase"]
[SourceDate "2010.08.31"]
[SourceVersion "1"]
[SourceVersionDate "2010.08.31"]
[SourceQuality "1"]

1. b4 e5 2. Bb2 Bxb4 3. f4 d6 4. fxe5 dxe5 5. Bxe5 Nf6 6. Nf3 Nc6 7. Bc3 Bd6 8. e3 Ng4 9. g3 h5 10. Bxg7 Rh7 11. Bb2 h4 12. Rg1 hxg3 13. hxg3 Bf5 14. Qe2 Bxc2 15. Qc4 Bf5 16. Nc3 Nge5 17. Nxe5 Nxe5 18. Qa4+ Qd7 19. Qxd7+ Kxd7 20. 0-0-0 Nd3+ 21. Bxd3 Bxd3 22. Nd5 Rh2 23. Rh1 Bxg3 24. Nf6+ Ke7 25. Nd5+ Ke6 26. Rxh2 Bxh2 27. Nf4+ Bxf4 28. exf4 c5 29. Re1+ Kd5 30. Rg1 a5 31. Rg7 Ra6 32. Rxf7 Rh6 33. Bg7 Rh1+ 34. Kb2 b5 35. Kc3 Be4 36. d3 Rh3 37. Rd7+ Ke6 38. Rd8 Ke7 39. Rc8 Rxd3+ 40. Kb2 Rd2+ 41. Kb3 Kf7 42. Rc7+ Kg6 43. a4 b4 44. Kc4 Bd3+ 45. Kd5 c4 46. Be5 Kf5 47. Rc5 Kg4 48. Bd4 b3 49. Rxa5 b2 50. Bxb2 Rxb2 51. Kd4 Kxf4 52. Rc5 Kf3 53. Rh5 Rb4 54. a5 Ra4 55. Rg5 Ke2 56. Rg2+ Ke1 0-1

[Event "LSS SM-2009-0-00047"]
[Site "LSS email"]
[Date "2009.02.25"]
[Round "?"]
[White "Godat, Terry"]
[Black "Bonehill, Andrew J"]
[Result "1/2-1/2"]
[WhiteElo "2298"]
[BlackElo "2357"]
[PlyCount "50"]
[EventDate "2009.01.31"]
[EventType "tourn (corr)"]
[EventRounds "6"]
[EventCountry "GER"]
[SourceTitle "Corr 2011"]
[Source "ChessBase"]
[SourceDate "2010.08.31"]
[SourceVersion "1"]
[SourceVersionDate "2010.08.31"]
[SourceQuality "1"]

1. e4 c6 2. d4 d5 3. Nc3 dxe4 4. Nxe4 Nd7 5. Bd3 Ngf6 6. Ng5 e6 7. N1f3 Bd6 8. Qe2 h6 9. Ne4 Nxe4 10. Qxe4 Qc7 11. Qg4 Kf8 12. 0-0 c5 13. c3 b6 14. Re1 Bb7 15. h4 Kg8 16. Bd2 Rd8 17. Rad1 f5 18. Qh3 c4 19. Bc2 g5 20. Bxf5 exf5 21. hxg5 Nf8 22. gxh6 Qf7 23. Ne5 Bxe5 24. Rxe5 Rd5 25. Qg3+ Ng6 1/2-1/2

[Event "LSS OP-2009-0-00719"]
[Site "LSS email"]
[Date "2009.01.15"]
[Round "?"]
[White "Bonehill, Andrew J"]
[Black "Lois, Spyridon"]
[Result "1-0"]
[WhiteElo "2360"]
[BlackElo "1703"]
[PlyCount "69"]
[EventDate "2009.01.13"]
[EventType "tourn (corr)"]
[EventRounds "4"]
[EventCountry "GER"]
[SourceTitle "Corr 2011"]
[Source "ChessBase"]
[SourceDate "2010.08.31"]
[SourceVersion "1"]
[SourceVersionDate "2010.08.31"]
[SourceQuality "1"]

1. c4 e5 2. Nc3 Nf6 3. Nf3 Nc6 4. g3 Bb4 5. Nd5 Nxd5 6. cxd5 Nd4 7. Nxd4 exd4 8. Bg2 0-0 9. Qb3 Ba5 10. Qc4 Qf6 11. b4 Bb6 12. Bb2 a5 13. 0-0 axb4 14. Qxb4 d6 15. a4 Bc5 16. Qb5 b6 17. Rfe1 Qf5 18. e3 Ba6 19. Qb3 d3 20. Bc3 Rfb8 21. Reb1 Qg4 22. Qb2 Rb7 23. h3 Qg5 24. Qc1 h5 25. Kh2 Qf5 26. f4 Bc4 27. Qh1 Re8 28. h4 Qg6 29. f5 Qxf5 30. Rf1 Qh7 31. Rf4 b5 32. Raf1 Rf8 33. Be4 g6 34. Rf6 Rbb8 35. Bxg6 1-0

[Event "LSS OP-2009-0-00719"]
[Site "LSS email"]
[Date "2009.01.15"]
[Round "?"]
[White "Rudolf, Michal"]
[Black "Bonehill, Andrew J"]
[Result "0-1"]
[WhiteElo "2228"]
[BlackElo "2367"]
[PlyCount "24"]
[EventDate "2009.01.13"]
[EventType "tourn (corr)"]
[EventRounds "4"]
[EventCountry "GER"]
[SourceTitle "Corr 2013"]
[Source "ChessBase"]
[SourceDate "2012.11.12"]
[SourceVersion "1"]
[SourceVersionDate "2012.11.12"]
[SourceQuality "1"]

1. d4 Nf6 2. c4 e6 3. Nc3 Bb4 4. e3 c5 5. Nge2 cxd4 6. exd4 d5 7. a3 Bxc3+ 8. Nxc3 dxc4 9. Bxc4 Nc6 10. Be3 0-0 11. 0-0 h6 12. Rc1 b6 0-1

[Event "LSS ST-2008-0-00033"]
[Site "LSS email"]
[Date "2008.07.26"]
[Round "?"]
[White "Bonehill, Andrew J"]
[Black "Ermolaev, Andrey Stanislavovi"]
[Result "0-1"]
[WhiteElo "2360"]
[BlackElo "2389"]
[PlyCount "76"]
[EventDate "2008.06.21"]
[EventType "tourn (corr)"]
[EventRounds "6"]
[EventCountry "GER"]
[SourceTitle "Corr 2011"]
[Source "ChessBase"]
[SourceDate "2010.08.31"]
[SourceVersion "1"]
[SourceVersionDate "2010.08.31"]
[SourceQuality "1"]

1. d4 Nf6 2. c4 e6 3. g3 d5 4. Bg2 dxc4 5. Nf3 a6 6. 0-0 Nc6 7. e3 Bd7 8. Qe2 b5 9. Nc3 Bd6 10. e4 e5 11. dxe5 Nxe5 12. Nxe5 Bxe5 13. f4 Bxc3 14. bxc3 c6 15. Ba3 Qb6+ 16. Kh1 h5 17. e5 Bg4 18. Qe1 Nd5 19. f5 0-0-0 20. Bc1 a5 21. Bd2 Qc5 22. Qe4 g6 23. fxg6 fxg6 24. Qxg6 Rdg8 25. Qf7 Re8 26. Qg7 Be6 27. Qg6 h4 28. gxh4 Rhg8 29. Qh5 b4 30. cxb4 axb4 31. Rae1 c3 32. Bg5 Nc7 33. Qe2 Kb7 34. Qf2 Qxf2 35. Rxf2 Kb6 36. Rb1 c5 37. Rd1 c4 38. Rd6+ Ka5 0-1

[Event "LSS ST-2008-0-00033"]
[Site "LSS email"]
[Date "2008.07.24"]
[Round "?"]
[White "Kuhne, Detlev"]
[Black "Bonehill, Andrew J"]
[Result "1/2-1/2"]
[WhiteElo "2354"]
[BlackElo "2381"]
[PlyCount "61"]
[EventDate "2008.06.21"]
[EventType "tourn (corr)"]
[EventRounds "6"]
[EventCountry "GER"]
[SourceTitle "Telechess CBM 133"]
[Source "ChessBase"]
[SourceDate "2009.11.19"]
[SourceVersion "1"]
[SourceVersionDate "2009.11.19"]
[SourceQuality "1"]

1. e4 c5 2. Nf3 Nc6 3. d4 cxd4 4. Nxd4 Nf6 5. Nc3 e5 6. Ndb5 d6 7. Bg5 a6 8. Na3 b5 9. Nd5 Be7 10. Bxf6 Bxf6 11. c3 0-0 12. Nc2 Bg5 13. a4 bxa4 14. Rxa4 Ne7 15. Ncb4 a5 16. Bb5 Nxd5 17. Nxd5 Rb8 18. Qe2 Kh8 19. 0-0 f5 20. exf5 Bxf5 21. Rd1 Bc8 22. c4 Bf5 23. f3 Bh6 24. Kh1 e4 25. fxe4 Bg6 26. g3 Qc8 27. Kg2 Rb7 28. Rf1 Rxf1 29. Kxf1 Rf7+ 30. Kg2 Qc5 31. Rxa5 1/2-1/2

[Event "LSS SM-2008-0-00012"]
[Site "LSS email"]
[Date "2008.04.19"]
[Round "?"]
[White "Garcia, Manuel Valentim Per"]
[Black "Bonehill, Andrew J"]
[Result "1/2-1/2"]
[WhiteElo "2202"]
[BlackElo "2367"]
[PlyCount "83"]
[EventDate "2008.04.13"]
[EventType "tourn (corr)"]
[EventRounds "6"]
[EventCountry "GER"]
[SourceTitle "Corr 2011"]
[Source "ChessBase"]
[SourceDate "2010.08.31"]
[SourceVersion "1"]
[SourceVersionDate "2010.08.31"]
[SourceQuality "1"]

1. d4 Nf6 2. Nf3 e6 3. c4 b6 4. a3 Bb7 5. Nc3 d5 6. cxd5 Nxd5 7. Qc2 Nxc3 8. bxc3 c5 9. e4 Nd7 10. Bf4 cxd4 11. cxd4 Rc8 12. Qb3 Be7 13. Bd3 Nf6 14. Qb5+ Bc6 15. Qb1 0-0 16. 0-0 Nh5 17. Be3 h6 18. a4 Ba8 19. Re1 g5 20. Ne5 Kg7 21. Bb5 Bd6 22. Nd7 Re8 23. d5 a6 24. Bxb6 Bc7 25. Bxa6 Qxd7 26. Bxc7 Rxc7 27. Bb5 Qd8 28. Bxe8 Qxe8 29. Qb2+ Kg6 30. d6 Rd7 31. e5 Nf4 32. f3 Qd8 33. Rac1 f5 34. Qd4 Bd5 35. Rc2 Qa5 36. Ra1 Qa6 37. Kh1 Rb7 38. a5 Qa8 39. h4 Bxf3 40. gxf3 Rb3 41. h5+ Nxh5 42. Rc3 1/2-1/2

[Event "LSS OP-2008-0-00464"]
[Site "LSS email"]
[Date "2008.01.29"]
[Round "?"]
[White "Bonehill, Andrew J"]
[Black "Drob, Marek"]
[Result "1-0"]
[WhiteElo "2276"]
[BlackElo "839"]
[PlyCount "95"]
[EventDate "2008.01.28"]
[EventType "tourn (corr)"]
[EventRounds "4"]
[EventCountry "GER"]
[SourceTitle "Corr 2011"]
[Source "ChessBase"]
[SourceDate "2010.08.31"]
[SourceVersion "1"]
[SourceVersionDate "2010.08.31"]
[SourceQuality "1"]

1. e4 c6 2. Nf3 d5 3. Nc3 dxe4 4. Ng5 e6 5. Ngxe4 Nd7 6. d4 Ngf6 7. Bd3 Nxe4 8. Nxe4 Nf6 9. Be3 Nd5 10. Bg5 Qc7 11. c4 Bb4+ 12. Kf1 f5 13. cxd5 fxe4 14. Bxe4 exd5 15. Bxd5 cxd5 16. Qa4+ Kf7 17. Qxb4 Bf5 18. Rc1 Qd7 19. f3 Rac8 20. Kf2 Rhe8 21. Bf4 b6 22. g4 Bd3 23. Kg3 Bc4 24. Qa3 h5 25. Rhe1 hxg4 26. fxg4 Kg8 27. Be5 Rf8 28. Qe3 Rc6 29. Rc3 a5 30. Rec1 Rg6 31. h3 Qf5 32. b3 Bf1 33. Kh2 Qe4 34. R1c2 Kh7 35. Qxe4 dxe4 36. Kg3 Rh6 37. Rh2 Bd3 38. g5 Re6 39. Rf2 Rxf2 40. Kxf2 Kg6 41. Rc7 Kxg5 42. Rxg7+ Kh6 43. Ra7 Re8 44. Ke3 Kg6 45. Rg7+ Kh6 46. Rb7 b5 47. Bf4+ Kg6 48. d5 1-0